| Tag |
First Indicator |
Second Indicator |
Subfields |
| LEADER |
00000cam a2200000 a 4500 |
| 001 |
in00000010418 |
| 005 |
20151007051350.0 |
| 008 |
860130s1985 ck ab b 10000 eng d |
| 020 |
|
|
|a 8489206457
|
| 035 |
|
|
|a (OCoLC)13081707
|
| 035 |
|
|
|9 AAA2626AM
|
| 040 |
|
|
|a AZU
|c AZU
|d AGL
|d m/c
|d TXA
|d UtOrBLW
|
| 043 |
|
|
|a a------
|a ff-----
|
| 049 |
|
|
|a TXAM
|c [A09626915]
|
| 050 |
|
4 |
|a SB203.3.N33
|b P67 1985
|
| 070 |
0 |
|
|a SB327.R4
|b 1983
|
| 072 |
|
0 |
|a F120
|a E130
|
| 245 |
0 |
0 |
|a Potential for field beans (Phaseolus vulgaris L.) in West Asia and North Africa :
|b proceedings of a regional workshop in Aleppo, Syria, 21-23 May 1983 /
|c the workshop was sponsored by the Ford Foundation, Centro Internacional de Agricultura Tropical (CIAT), International Center for Agricultural Research in Dry Areas (ICARDA).
|
| 264 |
|
1 |
|a Cali, Columbia :
|b CIAT,
|c [1985]
|
| 300 |
|
|
|a 143 pages :
|b illustrations, maps ;
|c 23 cm.
|
| 336 |
|
|
|a text
|b txt
|2 rdacontent
|
| 337 |
|
|
|a unmediated
|b n
|2 rdamedia
|
| 338 |
|
|
|a volume
|b nc
|2 rdacarrier
|
| 500 |
|
|
|a "April 1985."
|
| 504 |
|
|
|a Includes bibliographies.
|
| 650 |
|
0 |
|a Beans
|z Middle East.
|
| 650 |
|
0 |
|a Beans
|z Africa, North.
|
| 650 |
|
0 |
|a Arid regions agriculture
|z Middle East.
|
| 650 |
|
0 |
|a Arid regions agriculture
|z Africa, North.
|
| 710 |
2 |
|
|a Ford Foundation.
|
| 710 |
2 |
|
|a Centro Internacional de Agricultura Tropical.
|
| 710 |
2 |
|
|a International Center for Agricultural Research in the Dry Areas.
|
| 999 |
|
|
|a MARS
|
| 999 |
f |
f |
|s 1c31edac-5f2a-31fd-97b7-a5361f5cf0c8
|i 6c613681-5374-3318-a2c4-2a933625f2b2
|t 0
|
| 952 |
f |
f |
|p ric
|a Texas A&M University
|b Rellis Campus
|c Joint Library Facility
|d Remote Storage
|t 0
|e SB203.3.N33 P67 1985
|h Library of Congress classification
|i unmediated -- volume
|m A14809626915
|
| 998 |
f |
f |
|a SB203.3.N33 P67 1985
|t 0
|l Remote Storage
|